000 00329nam a2200121Ia 4500
003 GCL
008 140319s9999 xx 000 0 ara d
040 _aGCL /
_cGCL
082 0 4 _a235.2
_bب م
245 1 0 _aالمختارة من صحيح الامام مسلم
260 _a[S.N] :
_bمطبعة السعادة ،
_c1986
490 _a
999 _c35497
_d35497